| 000 | 00808nam a2200217Ia 4500 | ||
|---|---|---|---|
| 003 | GCL | ||
| 008 | 140319s9999 xx 000 0 ara d | ||
| 040 |
_aGCL / _cGCL |
||
| 082 | 0 | 4 |
_a216.4 _bع ا |
| 100 | 1 | _aعبدالستار فتح الله سعيد | |
| 245 | 1 | 0 |
_aالغزو الفكرى والتيارات المعادية للاسلام / _cعبدالستار فتح الله سعيد |
| 260 |
_a[S.N] : _bدار الوفاء للطباعة والنشر والتوزيع ، _c1987 |
||
| 300 | _a171 ص | ||
| 490 | _a | ||
| 650 | 0 | 4 | _aالاسلام |
| 650 | 0 | 4 | _aالشريعة الاسلامية |
| 650 | 0 | 4 | _aالاسلام والمذاهب الالحادية |
| 650 | 0 | 4 | _aالاسلام والاستعمار |
| 650 | 0 | 4 | _aالاسلام والديانات الاخرى |
| 942 |
_2ddc _cBK |
||
| 999 |
_c54317 _d54317 |
||